000
00261nam a2200097Ia 4500
001
1015080
005
20250826230854.0
008
250824s9999 xx 000 0 und d
245
0
_a
BAY TİLKİ VE KIRMIZI İP
_c
FRANZISKA BIERMANN
260
_b
HEP KİTAP YAYINLARI
999
_c
1015080
_d
1015080